| 000 | 00578nam a2200181 i 4500 | ||
|---|---|---|---|
| 001 | 27382 | ||
| 003 | ES-MaACL | ||
| 005 | 20240515063029.0 | ||
| 007 | t| | ||
| 008 | 030114s1972 sp ||||1| spa d | ||
| 100 | 1 |
_aAyala, Francisco, _d1906-2009 _924111 |
|
| 245 | 1 | 3 |
_aEl hechizado y otros cuentos / _cFrancisco Ayala ; introducción, José Luis Cano. |
| 260 |
_aMadrid : _bE.M.E.S.A., _c[1972] |
||
| 300 |
_a218 p. : _bretr. aut. ; _c18 cm. |
||
| 700 | 1 |
_aCano, José Luis, _d1912-1999 _934532 |
|
| 852 |
_aES-MaACL _jC-42862 _bR.81799 |
||
| 999 |
_c27382 _d27382 |
||